[Event "SR 3. liga A2 2009/2010"]
[Site "?"]
[Date "2010.01.17"]
[Round "6.5"]
[White "Slaby, Jozef"]
[Black "Pericka, Tomas"]
[Result "0-1"]
[WhiteElo "1963"]
[BlackElo "1910"]
[PlyCount "70"]
[EventDate "2009.??.??"]

1. d4 Nf6 2. c4 e6 3. Nf3 d5 4. e3 c5 5. cxd5 Nxd5 6. Bb5+ Bd7 7. Bxd7+ Qxd7 8.
O-O Nc6 9. a3 cxd4 10. Nxd4 Bc5 11. Nf3 Rd8 12. Qe2 O-O 13. Nbd2 Be7 14. Ne4
Nf6 15. Ng3 e5 16. b4 e4 17. Nd2 Qd5 18. Qc4 Qd3 19. Qxd3 exd3 20. Bb2 Rc8 21.
Nf5 b5 22. Rac1 Nd5 23. Bxg7 Rfe8 24. Bb2 a5 25. bxa5 Nxa5 26. Rxc8 Rxc8 27.
Nxe7+ Nxe7 28. Rc1 Nc4 29. Nxc4 bxc4 30. Bc3 Nd5 31. Kf1 Rb8 32. Bd2 c3 33. Be1
d2 34. Bxd2 cxd2 35. Rd1 Nc3 0-1

[Event "SR 3. liga A2 2009/2010"]
[Site "?"]
[Date "2010.01.17"]
[Round "6.6"]
[White "Jozefek, Michal"]
[Black "Gono, Michal"]
[Result "1/2-1/2"]
[WhiteElo "1902"]
[BlackElo "1852"]
[PlyCount "83"]
[EventDate "2009.??.??"]

1. d4 Nf6 2. c4 c5 3. d5 b5 4. cxb5 a6 5. Nc3 axb5 6. e4 b4 7. Nb5 d6 8. Bf4 g6
9. e5 Nh5 10. exd6 exd6 11. Qe2+ Kd7 12. g3 Nxf4 13. gxf4 Qe7 14. Kd2 Qxe2+ 15.
Bxe2 Bh6 16. Nh3 Bb7 17. Bf3 Bg7 18. Kc2 Ra5 19. a3 bxa3 20. Nxa3 Na6 21. Ng5
Nb4+ 22. Kb3 h6 23. Nxf7 Rf8 24. Nxd6 Bxd5+ 25. Bxd5 Nxd5 26. Nac4 Rb8+ 27. Kc2
Nb4+ 28. Kd2 Rxa1 29. Rxa1 Bxb2 30. Ra7+ Ke6 31. Nxb2 Nc6 32. Rg7 $11 Rxb2+ 33.
Kc3 Rxf2 34. Rxg6+ Kd5 35. Rxh6 Nd4 36. h4 Rxf4 37. Nb7 Nb5+ 38. Kd2 Rd4+ 39.
Ke3 Re4+ 40. Kd2 Re5 41. Rg6 Kc4 42. Rg5 1/2-1/2

[Event "SR 3. liga A2 2009/2010"]
[Site "?"]
[Date "2010.01.17"]
[Round "6.7"]
[White "Sedlak, Rastislav"]
[Black "Skapik, Branislav"]
[Result "0-1"]
[WhiteElo "1562"]
[BlackElo "1847"]
[PlyCount "102"]
[EventDate "2009.??.??"]

1. e4 e5 2. Nf3 Nc6 3. Bc4 Bc5 4. O-O Nf6 5. Nc3 O-O 6. d3 h6 7. Re1 d6 8. h3
a6 9. Be3 Bxe3 10. Rxe3 Nd4 11. Nd5 Nxd5 12. Bxd5 c6 13. Bb3 Nxb3 14. axb3 f5
15. c4 g5 16. Nh2 Qf6 17. Qf3 Qg6 18. Qd1 Be6 19. f3 Rf7 20. d4 fxe4 21. Rxe4
Bf5 22. Re3 e4 23. d5 exf3 24. Nxf3 c5 25. Qd2 Raf8 26. Rae1 Bxh3 27. gxh3 Rxf3
28. Rxf3 Rxf3 29. Re3 Qf5 30. Rxf3 Qxf3 31. Qc3 Qxc3 32. bxc3 Kf7 33. b4 b6 34.
Kf2 Kf6 35. Ke3 Kf5 36. Kf3 h5 37. Ke3 a5 38. bxc5 bxc5 39. Kd3 g4 40. hxg4+
hxg4 41. Kc2 g3 42. Kb3 g2 43. Ka4 g1=Q 44. Kxa5 Qb1 45. Ka4 Kf6 46. Ka3 Ke7
47. Ka4 Kd7 48. Ka5 Kc7 49. Ka4 Qb2 50. Ka5 Qxc3+ 51. Kb5 Qb4+ 0-1

[Event "SR 3. liga A2 2009/2010"]
[Site "?"]
[Date "2010.01.17"]
[Round "6.8"]
[White "Nemeckayova, Monika"]
[Black "Nemsak, Denis"]
[Result "0-1"]
[WhiteElo "1645"]
[BlackElo "1751"]
[PlyCount "50"]
[EventDate "2009.??.??"]

1. d4 f5 2. c4 g6 3. Nf3 Nf6 4. Nc3 Bg7 5. g3 O-O 6. Bg2 d6 7. O-O Na6 8. Bg5
c5 9. dxc5 Nxc5 10. Nd4 h6 11. Be3 Rb8 12. Qd2 Kh7 13. a3 e5 14. Ndb5 Nb3 15.
Qxd6 Qxd6 16. Nxd6 Nxa1 17. Rxa1 b6 18. Ncb5 a6 19. Nc7 e4 20. Bf4 Nh5 21. Rb1
Nxf4 22. gxf4 Rd8 23. Nxc8 Rbxc8 24. Nxa6 Rxc4 25. Nb4 Rd2 0-1

[Event "SR 3. liga A2 2009/2010"]
[Site "?"]
[Date "2010.01.17"]
[Round "6.1"]
[White "Lesny, Stefan"]
[Black "Ivan, Imrich ml"]
[Result "1/2-1/2"]
[WhiteElo "2086"]
[BlackElo "2079"]
[PlyCount "51"]
[EventDate "2009.??.??"]

1. e4 c5 2. f4 d5 3. e5 Nc6 4. Nf3 Bg4 5. c3 e6 6. Na3 Nh6 7. Nc2 Nf5 8. Ne3
Nxe3 9. dxe3 Be7 10. Be2 Qb6 11. O-O Bxf3 12. Rxf3 O-O-O 13. Qc2 g5 14. Kh1 h5
15. a3 Kb8 16. Rf1 c4 17. Bd1 Bc5 18. Qe2 Rdg8 19. Ba4 Ne7 20. Bc2 gxf4 21.
Rxf4 Rg7 22. Qf3 Rhg8 23. g3 Qc7 24. Rxf7 Rxf7 25. Qxf7 Qxe5 26. Qf4 $11
1/2-1/2

[Event "SR 3. liga A2 2009/2010"]
[Site "?"]
[Date "2010.01.17"]
[Round "6.2"]
[White "Csefalvay, Stefan"]
[Black "Bebiak, Jozef"]
[Result "0-1"]
[WhiteElo "1908"]
[BlackElo "2130"]
[PlyCount "100"]
[EventDate "2009.??.??"]

1. d4 Nf6 2. Nf3 e6 3. g3 d5 4. Bg2 Bd6 5. O-O O-O 6. Bg5 h6 7. Bxf6 Qxf6 8. c3
c5 9. e3 Nc6 10. h3 b6 11. Nbd2 Bb7 12. Re1 Qe7 13. e4 dxe4 14. Nxe4 Rad8 15.
Nxd6 Rxd6 16. Qa4 cxd4 17. cxd4 Qd7 18. Rad1 Rd8 19. Re3 Rd5 20. Red3 e5 21.
Re1 exd4 22. a3 Qf5 23. Qd1 R5d6 24. b4 Ba6 25. Rd2 d3 26. Re3 Re6 27. Re1
Rxe1+ 28. Qxe1 Qf6 29. Qc1 Re8 30. Qb2 Qxb2 31. Rxb2 Bc4 32. a4 b5 33. axb5
Bxb5 34. Nd2 Re1+ 35. Kh2 Nd4 36. g4 Re2 37. Kg3 a6 38. Bf1 Bc6 39. f3 Nc2 40.
Ne4 Bxe4 41. fxe4 g5 42. Ra2 Kf8 43. Rb2 Ke7 44. Ra2 Nxb4 45. Rxe2 dxe2 46.
Bxe2 a5 47. Bd1 Na2 48. Bb3 Nc3 49. Kf2 a4 50. Bc4 a3 0-1

[Event "SR 3. liga A2 2009/2010"]
[Site "?"]
[Date "2010.01.17"]
[Round "6.3"]
[White "Merva, Frantisek"]
[Black "Vizvari, Ludovit"]
[Result "1/2-1/2"]
[WhiteElo "2053"]
[BlackElo "2015"]
[PlyCount "83"]
[EventDate "2009.??.??"]

1. d4 d5 2. c4 e6 3. Nf3 c5 4. e3 Nf6 5. Nc3 Nc6 6. Bd3 a6 7. O-O dxc4 8. Bxc4
b5 9. Be2 cxd4 10. Nxd4 Nxd4 11. Qxd4 Qxd4 12. exd4 Bb7 13. a3 h6 14. Be3 Be7
15. Rac1 O-O 16. Rfd1 Rac8 17. Nb1 Nd5 18. Bf3 b4 19. axb4 Bxb4 20. Bd2 Bxd2
21. Nxd2 Rxc1 22. Rxc1 Rc8 23. Rxc8+ Bxc8 24. Bxd5 exd5 25. Kf1 Kf8 26. Ke2 Ke7
27. Kd3 Kd6 28. Nb3 Kc6 29. Nc5 Kb5 30. Kc3 Ka5 31. b4+ Kb5 32. Kb3 a5 33. bxa5
Kxa5 34. Kc3 Kb5 35. Nd3 Be6 36. Nf4 Kc6 37. Nxe6 fxe6 38. f4 Kb5 39. g4 g6 40.
h4 h5 41. gxh5 gxh5 42. Kb3 1/2-1/2

[Event "SR 3. liga A2 2009/2010"]
[Site "?"]
[Date "2010.01.17"]
[Round "6.4"]
[White "Vegh, Vince"]
[Black "Takacs, Laszlo"]
[Result "1/2-1/2"]
[WhiteElo "1920"]
[BlackElo "1838"]
[PlyCount "57"]
[EventDate "2009.??.??"]

1. e4 c5 2. Nf3 e6 3. d4 cxd4 4. Nxd4 Nf6 5. Nc3 Bb4 6. Bd3 Nc6 7. Nxc6 dxc6 8.
Bd2 e5 9. O-O O-O 10. a3 Ba5 11. b4 Bc7 12. Ne2 Bg4 13. f3 Be6 14. Be3 Bb6 15.
Qd2 Bxe3+ 16. Qxe3 Qc7 17. c4 b6 18. Rfd1 Rfd8 19. Ng3 Rac8 20. c5 Rd4 21. cxb6
axb6 22. Bc2 Rcd8 23. Ne2 Rxd1+ 24. Rxd1 Rxd1+ 25. Bxd1 h6 26. Bb3 Bxb3 27.
Qxb3 c5 28. bxc5 Qxc5+ 29. Kf1 1/2-1/2

[Event "SR 3. liga A2 2009/2010"]
[Site "?"]
[Date "2010.01.17"]
[Round "6.5"]
[White "Kahancova, Jana"]
[Black "Magyarics, Jozef"]
[Result "1/2-1/2"]
[WhiteElo "1575"]
[BlackElo "1549"]
[PlyCount "45"]
[EventDate "2009.??.??"]

1. e4 e6 2. d4 d5 3. exd5 exd5 4. Bd3 Bd6 5. Ne2 Ne7 6. O-O O-O 7. Nbc3 c6 8.
Bf4 Bf5 9. Qd2 Qc7 10. Qe3 Bxd3 11. Bxd6 Qxd6 12. Qxd3 Re8 13. Rfe1 Nd7 14. Nd1
Ng6 15. Ne3 Nf6 16. Ng3 Ne4 17. Nef5 Qf4 18. f3 Nxg3 19. Nxg3 Qg5 20. Qf5 Rxe1+
21. Rxe1 Qd2 22. Kf1 Nh4 23. Qh3 1/2-1/2

[Event "SR 3. liga A2 2009/2010"]
[Site "?"]
[Date "2010.01.17"]
[Round "6.6"]
[White "Korosi, Gejza"]
[Black "Matus, David"]
[Result "1/2-1/2"]
[WhiteElo "1531"]
[BlackElo "1530"]
[PlyCount "74"]
[EventDate "2009.??.??"]

1. e4 e5 2. Nf3 Nc6 3. Bc4 Bc5 4. O-O Nf6 5. Nc3 O-O 6. a3 d6 7. d3 a6 8. Bg5
h6 9. h4 Be6 10. Ba2 Bxa2 11. Nxa2 Nd4 12. Nxd4 Bxd4 13. c3 Bb6 14. d4 c6 15.
dxe5 dxe5 16. Qxd8 Bxd8 17. Bxf6 Bxf6 18. Rad1 Rad8 19. Nb4 Bxh4 20. g3 Be7 21.
Nc2 Rxd1 22. Rxd1 Rd8 23. Rxd8+ Bxd8 24. Ne3 Kf8 25. Nf5 Be7 26. Kg2 h5 27. Kf3
g6 28. Nxe7 Kxe7 29. Ke3 Ke6 30. Kd3 b5 31. b3 Kd6 32. c4 a5 33. cxb5 cxb5 34.
Kc3 Kc5 35. b4+ axb4+ 36. axb4+ Kc6 37. Kd3 Kd6 1/2-1/2

[Event "SR 3. liga A2 2009/2010"]
[Site "?"]
[Date "2010.01.17"]
[Round "6.7"]
[White "Szabo, Ladislav"]
[Black "Bogi, Timea"]
[Result "0-1"]
[WhiteElo "1507"]
[BlackElo "1589"]
[PlyCount "46"]
[EventDate "2009.??.??"]

1. e4 c5 2. Nf3 d6 3. d4 cxd4 4. Nxd4 Nf6 5. Nc3 a6 6. Be2 Nc6 7. O-O e6 8. Be3
Be7 9. Qd2 O-O 10. Rad1 Re8 11. f4 Qc7 12. Nxc6 bxc6 13. Bd4 e5 14. fxe5 dxe5
15. Be3 Rd8 16. Qe1 Be6 17. Qg3 Bb4 18. Bh6 Ne8 19. Qg5 Bxc3 20. Rxd8 Rxd8 21.
bxc3 Bxa2 22. Bxa6 Qb6+ 23. Kh1 Qxa6 0-1

[Event "SR 3. liga A2 2009/2010"]
[Site "?"]
[Date "2010.01.17"]
[Round "6.8"]
[White "Sooky, Ladislav"]
[Black "Kahanec, Jan"]
[Result "1/2-1/2"]
[WhiteElo "1529"]
[BlackElo "1530"]
[PlyCount "60"]
[EventDate "2009.??.??"]

1. d4 d5 2. c4 e6 3. Nc3 Nf6 4. e3 Bb4 5. Bd2 O-O 6. Nf3 c5 7. cxd5 Nxd5 8. Qc2
b6 9. a3 Bxc3 10. Bxc3 Nxc3 11. Qxc3 cxd4 12. Nxd4 Ba6 13. Bxa6 Nxa6 14. O-O
Rc8 15. Qd3 Nc5 16. Qd1 Ne4 17. Nf3 Qxd1 18. Raxd1 Rc2 19. b4 Ra2 20. Ra1 Rxa1
21. Rxa1 Rc8 22. Nd4 e5 23. Ne2 Rc7 24. Kf1 Nd2+ 25. Ke1 Nb3 26. Rd1 h6 27. Rd3
Nc1 28. Nxc1 Rxc1+ 29. Ke2 Rc2+ 30. Rd2 Rc7 1/2-1/2

[Event "SR 3. liga A2 2009/2010"]
[Site "?"]
[Date "2010.01.17"]
[Round "6.1"]
[White "Petran, Peter"]
[Black "Kocmal, Jaroslav"]
[Result "1-0"]
[WhiteElo "2361"]
[BlackElo "2031"]
[PlyCount "129"]
[EventDate "2009.??.??"]

1. g3 g6 2. Bg2 Bg7 3. e4 d6 4. d4 Nc6 5. Ne2 e5 6. Be3 Nf6 7. d5 Ne7 8. h3 O-O
9. c4 Nd7 10. Nbc3 f5 11. Qd2 Nf6 12. f3 Re8 13. O-O a6 14. b4 Bd7 15. Rfd1 Qc8
16. Kh2 Nh5 17. Rac1 f4 18. gxf4 exf4 19. Bd4 Bh6 20. c5 Qd8 21. Bf2 Nc8 22.
Nd4 Na7 23. cxd6 cxd6 24. Ne6 Qe7 25. Ne2 Bxe6 26. dxe6 Nc6 27. a3 Qxe6 28.
Qxd6 Qxd6 29. Rxd6 Rad8 30. Rcd1 Rxd6 31. Rxd6 Rd8 $11 32. Rxd8+ Nxd8 33. Nd4
Kf7 34. Bf1 b5 35. a4 Bf8 36. axb5 axb5 37. Be1 Bg7 38. Nxb5 Nc6 39. Nc7 Bd4
40. Kg2 Ne5 41. Nd5 g5 42. b5 Nf6 43. Nxf6 Kxf6 44. Ba5 Nd7 45. Bd8+ Kg6 46.
Bc4 h6 47. Be6 Nb6 48. Kf1 Bc5 49. Ke2 h5 50. Kd3 Bf2 51. Bf5+ Kh6 52. e5 Nd5
53. Be4 Bb6 54. Bxb6 Nxb6 55. Kd4 Kg7 56. Kc5 Na4+ 57. Kd6 Nc3 58. Bc6 g4 59.
fxg4 hxg4 60. hxg4 f3 61. b6 f2 62. Bg2 Ne4+ 63. Kc6 Ng3 64. b7 f1=Q 65. Bxf1
1-0

[Event "SR 3. liga A2 2009/2010"]
[Site "?"]
[Date "2010.01.17"]
[Round "6.2"]
[White "Halas, Miroslav"]
[Black "Meszaros, Lorant"]
[Result "1-0"]
[WhiteElo "1939"]
[BlackElo "2119"]
[PlyCount "95"]
[EventDate "2009.??.??"]

1. e4 e5 2. Nf3 Nc6 3. Bc4 Bc5 4. d3 Nf6 5. Nc3 d6 6. Bg5 h6 7. Bh4 g5 8. Bg3
Bg4 9. Na4 Bb6 10. Nxb6 axb6 11. c3 Qe7 12. h4 O-O-O 13. Qa4 Bxf3 14. gxf3 Kb8
15. O-O-O Nd7 16. d4 f6 17. Bb5 Na7 18. Bxd7 Rxd7 19. dxe5 fxe5 20. Bxe5 b5 21.
Qd4 Nc6 22. Bxd6 Nxd4 23. Bxe7 Ne2+ 24. Kc2 Rxe7 25. hxg5 Nf4 26. Rdg1 h5 27.
Kd2 Rd8+ 28. Ke3 Rf7 29. Rd1 Rxd1 30. Rxd1 Kc8 31. Rh1 Kd7 32. g6 Nxg6 33. Rxh5
$11 c6 34. Rg5 Nf8 35. f4 Ne6 36. Rg4 Kd6 37. Rg6 Ke7 38. f5 Nc5 39. Kd4 Nd7
40. f4 Kd8 41. Rg5 Nb6 42. e5 Rd7+ 43. Ke4 Nc4 44. f6 Rd1 45. Rg8+ Kd7 46. f7
Re1+ 47. Kd3 Re3+ 48. Kc2 1-0

[Event "SR 3. liga A2 2009/2010"]
[Site "?"]
[Date "2010.01.17"]
[Round "6.3"]
[White "Szitasi, Janos"]
[Black "Bahna, Jan"]
[Result "1/2-1/2"]
[WhiteElo "2005"]
[BlackElo "1960"]
[PlyCount "101"]
[EventDate "2009.??.??"]

1. e4 e5 2. Nf3 Nc6 3. Bc4 Nf6 4. Ng5 d5 5. exd5 Nxd5 6. Qf3 Qxg5 7. Bxd5 Qg6
8. Bxc6+ bxc6 9. d3 Bg4 10. Qe4 Qxe4+ 11. dxe4 O-O-O 12. f3 Be6 13. Be3 Kb7 14.
Nd2 Bb4 15. a3 Ba5 16. O-O-O Bb6 17. Rhe1 Rd6 18. Nb1 Rhd8 19. Nc3 f6 20. Bd2
Bc4 21. b3 Ba6 22. Be3 Bb5 23. b4 a5 24. Bc5 Rxd1+ 25. Rxd1 Rxd1+ 26. Kxd1 axb4
27. axb4 Bxc5 28. bxc5 Bf1 29. g3 Ka6 30. Ke1 Bc4 31. Kd2 Ka5 32. Nd1 Kb4 33.
Ne3 Be6 34. f4 exf4 35. gxf4 Kxc5 36. Kd3 Bc8 37. h4 g6 38. c3 h6 39. f5 gxf5
40. exf5 Ba6+ 41. c4 h5 42. Kc3 Bc8 43. Kd3 Bd7 44. Kc3 Kd6 45. Kd4 c5+ 46. Ke4
Ba4 47. Nf1 Bc2+ 48. Kf4 Bd3 49. Nd2 c6 50. Ne4+ Bxe4 51. Kxe4 1/2-1/2

[Event "SR 3. liga A2 2009/2010"]
[Site "?"]
[Date "2010.01.17"]
[Round "6.4"]
[White "Hagara, Vladimir"]
[Black "Kosar, Mikulas"]
[Result "1/2-1/2"]
[WhiteElo "1942"]
[BlackElo "1876"]
[PlyCount "83"]
[EventDate "2009.??.??"]

1. c4 d5 2. cxd5 Nf6 3. Nc3 Nxd5 4. g3 e5 5. Bg2 c6 6. Qb3 Nxc3 7. bxc3 Bd6 8.
d3 O-O 9. e3 Qc7 10. Nf3 Nd7 11. O-O Nf6 12. Ng5 h6 13. Ne4 Nxe4 14. Bxe4 Be6
15. Qc2 f5 16. Bg2 f4 17. exf4 exf4 18. Re1 Qf7 19. Be4 f3 20. Re3 Bg4 21. Qb3
Qxb3 22. axb3 Bc5 23. d4 Bb6 24. Ba3 Rfe8 25. Rae1 Bh5 26. Bd6 a5 27. Bc2 Rxe3
28. Rxe3 Re8 29. Rxe8+ Bxe8 30. Bd1 Bf7 31. Kf1 Bd5 32. Ke1 g5 33. Kd2 g4 34.
Ke3 Bd8 35. Bc2 Bg5+ 36. Bf4 b5 37. Bxg5 hxg5 38. Kd3 Bf7 39. Kd2 Kg7 40. Be4
Bd5 $11 41. Bc2 Kf6 42. Ke3 $11 1/2-1/2

[Event "SR 3. liga A2 2009/2010"]
[Site "?"]
[Date "2010.01.17"]
[Round "6.5"]
[White "Szekely, Stefan"]
[Black "Klanica, Anton"]
[Result "1/2-1/2"]
[WhiteElo "1984"]
[BlackElo "1894"]
[PlyCount "84"]
[EventDate "2009.??.??"]

1. c4 Nf6 2. Nc3 e5 3. d3 d6 4. Nf3 Bg4 5. e4 c5 6. Be2 Nc6 7. Qb3 Qd7 8. Nd5
Nxd5 9. cxd5 Nd8 10. d4 Qc7 11. dxe5 dxe5 12. Bb5+ Bd7 13. Bxd7+ Kxd7 14. O-O
Bd6 $11 15. Be3 Ke8 16. Nd2 f6 17. Nc4 Nf7 18. Qb5+ Kd8 19. f3 b6 20. Rac1 Qd7
21. Qa6 Ke7 22. Na3 Qc8 23. Qd3 Qd7 24. Nc4 Rhe8 25. b3 Kf8 26. a4 Kg8 27. Rf2
Rac8 28. Rfc2 Rc7 29. Na3 Rb7 30. Qa6 Reb8 31. Nb5 h6 32. Na3 Bf8 33. Qe2 $11
Nd6 34. Nb5 Nxb5 35. Qxb5 Qxb5 36. axb5 Rd8 37. Rc4 h5 38. Kf2 Kf7 39. Ra1 g6
40. Ke2 Rdd7 41. Kd3 Bg7 42. Rc2 Bf8 $11 1/2-1/2

[Event "SR 3. liga A2 2009/2010"]
[Site "?"]
[Date "2010.01.17"]
[Round "6.6"]
[White "Herega, Jozef"]
[Black "Both, Lajos"]
[Result "1-0"]
[WhiteElo "1879"]
[BlackElo "1904"]
[PlyCount "69"]
[EventDate "2009.??.??"]

1. d4 d5 2. c4 e6 3. Nc3 c6 4. e4 dxe4 5. Nxe4 Nd7 6. Nf3 Ngf6 7. Bd3 Nxe4 8.
Bxe4 Nf6 9. Bd3 Bd6 10. O-O O-O 11. Qc2 h6 12. Rd1 Qc7 13. g3 c5 14. dxc5 Bxc5
15. Bf4 Qb6 16. a3 a5 17. Rd2 Qc6 18. Qc3 Nh5 19. Be5 f5 20. Nh4 Qe8 21. Rad1
Qf7 22. Bc2 Be7 23. Ng2 Nf6 24. Bd6 Bxd6 25. Rxd6 Qe7 26. Nf4 Kh7 27. Qe5 Ng4
28. Qe2 Ra6 29. Rxa6 bxa6 30. Qxg4 Rf6 31. Qe2 g5 32. Nd5 Qd8 33. Nxf6+ Qxf6
34. c5 Bb7 35. Rd7+ 1-0

[Event "SR 3. liga A2 2009/2010"]
[Site "?"]
[Date "2010.01.17"]
[Round "6.7"]
[White "Arpa, Zoltan"]
[Black "Babirat, Michal"]
[Result "1/2-1/2"]
[WhiteElo "1847"]
[BlackElo "1737"]
[PlyCount "60"]
[EventDate "2009.??.??"]

1. d4 Nf6 2. c4 e6 3. Nc3 Bb4 4. Bd2 d5 5. e3 c5 6. dxc5 Bxc5 7. Nf3 O-O 8. Rc1
b6 9. cxd5 Nxd5 10. Nxd5 Qxd5 11. Bc4 Qd8 12. b4 Be7 13. O-O Nd7 14. Qe2 Bb7
15. Rfd1 Bf6 16. Bc3 Qe7 17. Bb5 Rfd8 18. Rxd7 Rxd7 19. Bxd7 Bxc3 20. Rxc3 Qxd7
21. Qc2 Rd8 22. h3 Bxf3 23. gxf3 Qb7 24. Rc7 Qxf3 25. Rc8 Rf8 26. Rxf8+ Kxf8
27. Qc8+ Ke7 28. Qc7+ Kf6 29. Qxa7 Qxh3 30. Qxb6 Qg4+ 1/2-1/2

[Event "SR 3. liga A2 2009/2010"]
[Site "?"]
[Date "2010.01.17"]
[Round "6.8"]
[White "Kolenak, Matus"]
[Black "Kalmar, Tamas"]
[Result "1/2-1/2"]
[WhiteElo "1660"]
[BlackElo "1714"]
[PlyCount "119"]
[EventDate "2009.??.??"]

1. b3 d5 2. d4 Nf6 3. Nf3 g6 4. Bb2 Bg7 5. Nbd2 O-O 6. e3 Bg4 7. h3 Bxf3 8.
Nxf3 Nbd7 9. Bd3 c5 10. O-O Qc7 11. Rc1 cxd4 12. exd4 Rfc8 13. c4 Qb6 14. Qe2
e6 15. Kh1 a5 16. Bc3 h6 17. Ne5 dxc4 18. bxc4 Nxe5 19. dxe5 Nd7 20. f4 Qc7 21.
Bd4 Nc5 22. Bxc5 Qxc5 23. Rb1 b6 24. Rb5 Qd4 25. Qe4 Qxe4 26. Bxe4 Rab8 27. Rc1
Bf8 28. Kg1 Bc5+ 29. Kh1 Rd8 30. Rcb1 Rbc8 31. Bf3 Rd4 32. g3 Rxc4 33. Bb7 Rd8
34. Ba6 Rc3 35. R5b3 Rc2 36. R3b2 Rdd2 37. Rxc2 Rxc2 38. a4 Rd2 39. Rb3 g5 40.
fxg5 hxg5 41. Rd3 Rxd3 42. Bxd3 Bd4 43. Kg2 Bxe5 44. Kf3 Kg7 45. g4 Bd6 46. Ke4
Kf6 47. Bc2 Bc5 48. Bd3 Ke7 49. Bb5 Ba3 50. Bc6 Kd6 51. Be8 f6 52. Bb5 Kc5 53.
Bd7 Kb4 54. Bc6 Bb2 55. Bd7 Be5 56. Bc6 Kc3 57. Bd7 Kb4 58. Bc6 Kc5 59. Bd7 Kd6
60. Be8 1/2-1/2

[Event "SR 3. liga A2 2009/2010"]
[Site "?"]
[Date "2010.01.17"]
[Round "6.1"]
[White "Gasa, Andrej"]
[Black "Horak, Ivan"]
[Result "1/2-1/2"]
[WhiteElo "2220"]
[BlackElo "2105"]
[PlyCount "45"]
[EventDate "2009.??.??"]

1. e4 c5 2. Nf3 d6 3. d4 cxd4 4. Nxd4 Nf6 5. Nc3 a6 6. Be3 e5 7. Nb3 Be6 8. f3
h5 9. Qd2 Be7 10. O-O-O Nbd7 11. Nd5 Bxd5 12. exd5 Nb6 13. Bxb6 Qxb6 14. Kb1
O-O-O 15. Na5 Kb8 16. g3 Rc8 17. Nb3 Rc7 18. Bh3 Nd7 19. Bxd7 Rxd7 20. Rhe1 f5
21. Qe3 Qxe3 22. Rxe3 Bg5 23. Re2 1/2-1/2

[Event "SR 3. liga A2 2009/2010"]
[Site "?"]
[Date "2010.01.17"]
[Round "6.2"]
[White "Kovarik, Oto"]
[Black "Sebesta, Radovan"]
[Result "1/2-1/2"]
[WhiteElo "2053"]
[BlackElo "2086"]
[PlyCount "128"]
[EventDate "2009.??.??"]

1. e4 c5 2. Nf3 Nc6 3. d4 cxd4 4. Nxd4 g6 5. c3 Bg7 6. Be3 Nf6 7. Nd2 O-O 8.
Be2 d6 9. O-O a6 10. a4 Qc7 11. f3 d5 12. Nxc6 bxc6 13. Bc5 Re8 14. Qc2 e5 15.
a5 Be6 16. Rfd1 Nh5 17. b4 Nf4 18. Bf1 Qd8 19. g3 Qg5 20. Bf2 Nh3+ 21. Bxh3
Bxh3 22. Nf1 Rad8 23. Bb6 Rd6 24. Qe2 f5 25. Bc5 Rd7 26. exd5 cxd5 27. c4 f4
28. Rxd5 fxg3 29. Nxg3 Rf7 30. Re1 h5 31. Kh1 Qf4 32. Bd6 h4 33. Ne4 Be6 34.
Rc5 Bc8 35. b5 Bb7 36. Rc7 Rxc7 37. Bxc7 Re7 38. Bd6 Rd7 39. c5 axb5 40. Rg1
Rf7 41. Nd2 Kh7 42. Qd3 Rf5 43. a6 Bxa6 44. c6 Qa4 45. Qe4 Qa2 46. Qxh4+ Rh5
47. Qg3 Qe6 48. Ne4 Bh6 49. Ra1 Bf4 50. Qg2 Bc8 51. Ra7+ Kg8 52. Re7 Qf5 53.
Re8+ Kg7 54. Rf8 Qe6 55. Rf6 Qxf6 56. Nxf6 Kxf6 57. Bb4 Rxh2+ 58. Qxh2 Bxh2 59.
Kxh2 Ke6 60. Kg3 Kd5 61. c7 Kc6 62. Ba5 Kc5 63. Bc3 Kd5 64. Kh4 e4 1/2-1/2

[Event "SR 3. liga A2 2009/2010"]
[Site "?"]
[Date "2010.01.17"]
[Round "6.3"]
[White "Palka, Miroslav"]
[Black "Sefcik, Marek"]
[Result "1-0"]
[WhiteElo "1976"]
[BlackElo "2022"]
[PlyCount "103"]
[EventDate "2009.??.??"]

1. c4 e6 2. g3 d5 3. Bg2 Be7 4. Nf3 Nf6 5. O-O O-O 6. b3 Ne4 7. Bb2 Bf6 8. d4
c6 9. Nbd2 Nxd2 10. Qxd2 Nd7 11. Rfe1 Nb6 12. Rac1 Qc7 13. e4 dxe4 14. Rxe4 Rd8
15. Qe2 Bd7 16. Ne5 Be8 17. Rd1 Be7 18. Re3 Bf8 19. h4 Nd7 20. Ng4 f5 21. Nh2
Bf7 22. Rxe6 Bxe6 23. Qxe6+ Kh8 24. Qxf5 Nf6 25. Nf3 Qd7 26. Qc2 Kg8 27. Ng5 h6
28. Bh3 hxg5 29. Bxd7 Rxd7 30. hxg5 Nh7 31. Qf5 Rad8 32. Kg2 Rf7 33. Qg4 g6 34.
d5 cxd5 35. Rxd5 Rxd5 36. cxd5 Bg7 37. Bxg7 Rxg7 38. Qe6+ Kh8 39. f4 Nf8 40.
Qf6 Kg8 41. d6 Rf7 42. Qd4 a6 43. Qd5 Kg7 44. g4 Rd7 45. f5 gxf5 46. gxf5 Rf7
47. Qe5+ Kg8 48. f6 Rd7 49. Kg3 Kf7 50. Kg4 Ng6 51. Qd5+ Kf8 52. Kf5 1-0

[Event "SR 3. liga A2 2009/2010"]
[Site "?"]
[Date "2010.01.17"]
[Round "6.4"]
[White "Bilovsky, Milan"]
[Black "Palka, Martin"]
[Result "1-0"]
[WhiteElo "1940"]
[BlackElo "1889"]
[PlyCount "71"]
[EventDate "2009.??.??"]

1. c4 c5 2. Nc3 Nf6 3. g3 Nc6 4. Bg2 g6 5. e3 Bg7 6. Nge2 O-O 7. d4 cxd4 8.
exd4 d6 9. O-O a6 10. a3 Rb8 11. b4 Bd7 12. Be3 Ng4 13. Bc1 Na7 14. a4 Nc8 15.
h3 Nf6 16. b5 a5 17. c5 dxc5 18. dxc5 Qc7 19. Be3 e5 20. Qc2 Bf5 21. Qb3 Ne7
22. Rfd1 Be6 23. Qa3 Rbd8 24. Kh2 Rxd1 25. Rxd1 Rd8 26. Rxd8+ Qxd8 27. Bxb7 Nf5
28. Qc1 Nd4 29. Bg2 Nd7 30. Bxd4 exd4 31. Ne4 Ne5 32. Nf4 Bb3 33. c6 Bf8 34. c7
Qc8 35. Nc5 Bxc5 36. Qxc5 1-0

[Event "SR 3. liga A2 2009/2010"]
[Site "?"]
[Date "2010.01.17"]
[Round "6.5"]
[White "Zisek, Jaroslav"]
[Black "Jozefovic, Milan"]
[Result "0-1"]
[WhiteElo "1890"]
[BlackElo "1904"]
[PlyCount "70"]
[EventDate "2009.??.??"]

1. c4 e5 2. Nc3 Nf6 3. g3 d5 4. cxd5 Nxd5 5. Bg2 c6 6. Qb3 Nxc3 7. dxc3 Qb6 8.
Qxb6 axb6 9. Be3 Nd7 10. Nf3 f6 11. O-O Be7 12. Nd2 O-O 13. Rfd1 Bc5 14. Bxc5
Nxc5 15. Nc4 b5 16. Nb6 Ra6 17. Nxc8 Rxc8 18. a3 Raa8 19. Kf1 Rd8 20. Ke1 Kf8
21. Rxd8+ Rxd8 22. Rd1 Ke7 23. Rxd8 Kxd8 24. Kd2 Kc7 25. b4 Ne6 26. e3 Ng5 27.
h4 Nf7 28. Be4 h6 29. Bc2 Nd6 30. Bd3 e4 31. Be2 Nc4+ 32. Bxc4 bxc4 33. Ke2 Kd6
34. f4 h5 35. a4 Ke6 0-1

[Event "SR 3. liga A2 2009/2010"]
[Site "?"]
[Date "2010.01.17"]
[Round "6.6"]
[White "Chabada st., Tomas"]
[Black "Fidericky, Milan"]
[Result "1-0"]
[WhiteElo "1899"]
[BlackElo "1852"]
[PlyCount "95"]
[EventDate "2009.??.??"]

1. e4 e5 2. Nf3 Nf6 3. Nxe5 d6 4. Nf3 Nxe4 5. Nc3 d5 6. Qe2 Be7 7. Nxe4 dxe4 8.
Qxe4 O-O 9. Bd3 g6 10. O-O Nc6 11. Bb5 Bf5 12. Qa4 Nb4 13. Ne1 a6 14. Be2 b5
15. Qb3 c5 16. c3 c4 17. Qd1 Nd3 18. Nxd3 cxd3 19. Bg4 Qd7 20. Bxf5 Qxf5 21. b3
Bc5 22. a4 Rfe8 23. axb5 axb5 24. Rxa8 Rxa8 25. b4 Bb6 26. Bb2 Re8 27. Qa1 Qe4
28. c4 Ra8 29. Qe1 Qxe1 30. Rxe1 bxc4 31. g3 Kf8 32. Kg2 Rb8 33. Be5 Rc8 34. f4
f5 35. Kf3 Kf7 36. h3 h6 37. g4 Rg8 38. Ra1 Rc8 39. Ra6 Bd8 40. gxf5 gxf5 41.
Rxh6 Be7 42. b5 Rc5 43. b6 Rb5 44. Bd4 Rb1 45. h4 Rf1+ 46. Kg3 Rb1 47. h5 Bd8
48. b7 1-0

[Event "SR 3. liga A2 2009/2010"]
[Site "?"]
[Date "2010.01.17"]
[Round "6.7"]
[White "Lanik, Miroslav"]
[Black "Hrubos, Milan"]
[Result "1-0"]
[WhiteElo "1745"]
[BlackElo "1854"]
[PlyCount "35"]
[EventDate "2009.??.??"]

1. e4 e5 2. Nf3 Nc6 3. Bb5 a6 4. Ba4 Nf6 5. O-O Be7 6. Re1 b5 7. Bb3 O-O 8. d4
d6 9. c3 Bg4 10. Be3 Nxe4 11. Bd5 Nxf2 12. Bxf2 Qd7 13. h3 Bh5 14. dxe5 Rad8
15. e6 Qe8 16. exf7+ Bxf7 17. Bxc6 Qxc6 18. Rxe7 1-0